The lion, the witch and the wardrobe. (Record no. 114425)
[ view plain ]
| 000 -LEADER | |
|---|---|
| fixed length control field | 00440nam a2200157 a 4500 |
| 005 - DATE AND TIME OF LATEST TRANSACTION | |
| control field | 20140414132100.0 |
| 008 - FIXED-LENGTH DATA ELEMENTS--GENERAL INFORMATION | |
| fixed length control field | 100703s19uu xx 00 eng d |
| 050 ## - LIBRARY OF CONGRESS CALL NUMBER | |
| Classification number | FIC |
| Item number | L58 1950 |
| 100 ## - MAIN ENTRY--PERSONAL NAME | |
| Personal name | Lewis C.S. (Clive Staples), 1898-1963 |
| 245 ## - TITLE STATEMENT | |
| Title | The lion, the witch and the wardrobe. |
| 260 ## - PUBLICATION, DISTRIBUTION, ETC. (IMPRINT) | |
| Place of publication, distribution, etc | New York : |
| Name of publisher, distributor, etc | Harper Trophy, |
| Date of publication, distribution, etc | 1950. |
| 440 ## - SERIES STATEMENT/ADDED ENTRY--TITLE | |
| Title | The Chronicles of Narnia; bk.2 |
| Withdrawn status | Lost status | Damaged status | Home library | Current library | Shelving location | Date acquired | Source of acquisition | Total Checkouts | Full call number | Barcode | Date last seen | Price effective from | Koha item type |
|---|---|---|---|---|---|---|---|---|---|---|---|---|---|
| Munich Library | Munich Library | Fiction Section | 07/03/2010 | FIC L58 1950 | M6251 | 04/14/2014 | 04/14/2014 | Books | |||||
| Munich Library | Munich Library | Fiction Section | 09/22/2010 | FIC L58 1950 | M1272 | 04/14/2014 | 04/14/2014 | Books | |||||
| Munich Library | Munich Library | Fiction Section | 09/22/2010 | FIC L58 1950 | M1273 | 04/14/2014 | 04/14/2014 | Books |